00309 2200133 4500001002100000005001500021035002000036245004900056300000800105260003000113082000800143084001200151990001200163INLIS00000000000262320250605030056 a0010-0625000209 aBergembira Dengan Sains /cHans Jurgan Press a270 aBandung :bAngkasa,c2002 a600 a600 BER a0320144